El Presupuesto Participativo

Detalles Bibliográficos
Autor principal: Camarena Carlos, Dante Alejandro
Formato: eBook
Lenguaje:español
Publicado: Lima: Editorial Acadm̌ica Espaǫla, 2019
Materias:
Acceso en línea:Acceso restringido

MARC

LEADER 00000nam a22000007a 4500
005 20190915135322.0
007 cr|||| |||
008 190915s2019 pe |||||s|||| 00||0 spa d
020 |a 9786200009708 
035 |a 24929 
040 |a vLex 
090 |c 9522  |d 9522 
100 1 |a Camarena Carlos, Dante Alejandro 
245 1 2 |a El Presupuesto Participativo  |h [Recurso electrn̤ico] /  |c Dante Alejandro Camarena Carlos 
256 |a Servicio en ln̕ea 
260 |a Lima:  |b Editorial Acadm̌ica Espaǫla,  |c 2019 
300 |a 1 recurso electrn̤ico 
506 1 |a Disponible solo en los productos indicados  |d vLex Global  |d vLex Global (Academic Edition, excluding Law Schools)  |d vLex Global (U.S. Academic Edition, Law Schools)  |d vLex Global (U.S. Academic Edition, excluding Law Schools)  |d vLex Global (Academic Edition, Law Schools) 
650 0 4 |a Derecho Pb︢lico y Administrativo  |z Per︢ 
740 0 |a vLex Libros (Servicio en ln̕ea) 
856 4 0 |u http://vlex.com/source/24929  |z Acceso restringido 
942 |c BOOK 
999 0 |a Public and Administrative Law